Những văn bản pháp luật về khu công nghiệp - khu chế xuất và khi công nghệ cao
v.v...
Đã lưu trong:
| Định dạng: | Sách |
|---|---|
| Năm xuất bản: |
H.
Chính trị Quốc gia
1998
|
| Chủ đề: | |
| Tags: |
Thêm thẻ
Không có thẻ, Hãy là người đầu tiên gắn thẻ bản ghi này!
|
| LEADER | 00854nam a2200205 4500 | ||
|---|---|---|---|
| 082 | |a 343.59707 |b NH556v. | ||
| 100 | |a | ||
| 245 | |a Những văn bản pháp luật về khu công nghiệp - khu chế xuất và khi công nghệ cao |c Nxb Chính trị Quốc gia | ||
| 260 | |a H. |b Chính trị Quốc gia |c 1998 | ||
| 300 | |a 839 tr. |c 22 cm | ||
| 520 | |a v.v... | ||
| 653 | |a Pháp luật | ||
| 653 | |a Việt Nam | ||
| 653 | |a khu công nghiệp | ||
| 653 | |a chế xuất | ||
| 653 | |a công nghệ cao | ||
| 942 | |2 ddc |c STK0 | ||
| 999 | |c 9539 |d 9539 | ||
| 952 | |0 0 |1 0 |2 ddc |4 0 |6 343_597070000000000_NH556V |7 0 |8 300 |9 76133 |a qbu |b qbu |c D2 |d 2015-05-25 |g 69000 |o 343.59707 NH556v. |p 9663.c1 |r 0000-00-00 |w 2015-05-25 |y SH | ||
| 952 | |0 0 |1 0 |2 ddc |4 0 |6 343_597070000000000_NH556V |7 0 |9 82854 |a qbu |b qbu |c D2 |d 2015-08-18 |g 69000 |o 343.59707 NH556v. |p 9663.C2 |r 0000-00-00 |w 2015-08-18 |y STK0 | ||